000 00829 a2200217 4500
010 _aENG-89666
020 _a0415456843
_c595.00
035 _aEN-73199
037 _bDBAD / PUB
082 1 4 _a355.0218
090 _c11436
_d11436
100 1 _aRajesh Rajagopalan
245 1 _cby Rajesh Rajagopalan
_aFighting like a guerrilla:
_bthe Indian army and counterinsurgency/
260 _aNew Delhi
_bRoutledge
_c2008
270 _a912, Tolstoy House, 15-17 Tolstoy Marg
_bNew Delhi
_e110 001
300 _a217p.:
_c22 cm ( Hb.)
_bmaps
490 _aStudies in war and international politics/ edited by Srinath Raghavan; 1
500 _aIncludes bibliographical references & index.
942 _adpl
_cEN
_k355.0218 / RAJ
999 _c11121
_d11121